000 00387nam a2200157Ia 4500
008 230711s9999||||xx |||||||||||||| ||und||
020 _a978-81-261-4717-5
041 _aENG
082 _a540
_bDE-P
100 _aDevi, M. Nithya
245 0 _aElements Plant Pathology
260 _c2011
_aNew Delhi
_bAnmol Publication(P) Ltd.
300 _a280p.
650 _aAgriculture
942 _cBK
999 _c7551
_d7551